Les 10 Meilleurs Buteurs Du Real Madrid Depuis 1970 - Statistiques

Statistiques générales
  • Ce quiz a été pris 249 fois
    100 depuis la dernière actualisation
  • Le résultat moyen est 5 sur 10
Statistiques - réponses
Ordre Poste Nationalité Joueur Nombre
De Buts
Nombre de Matchs
Joués avec le club
Saisons % Correct
1 A Portugal CristianoRonaldo 450 438 2009 - 2018
100%
2 A France KarimBenzema 354 648 2009 - 2023
100%
3 A Espagne Raul 323 741 1994 - 2010
80%
10 A Brésil Vinicius 121 364 2018 -
78%
9 A Argentine GonzaloHiguain 121 264 2007 - 2013
49%
5 A Mexique HugoSanchez 208 282 1985 - 1992
40%
6 A Espagne EmilioButragueno 170 463 1984 - 1995
29%
8 D Espagne FernandoHierro 127 601 1989 - 2003
26%
7 M Espagne Michel 131 559 1984 - 1996
9%
4 A Espagne Santillana 291 645 1971 - 1988
3%
Aucun quiz correspondant
Distribution des résultats
% des personnes avec chaque résultat
Percentile par nombre de réponses
Votre historique - résultats
Vous n’avez pas pris ce quiz depuis la dernière actualisation